Países que Limitan con Kazajistán - Estadísticas

Estadísticas generales
  • Esta prueba ha sido intentada 20 veces
  • La puntuación promedio es 5 de 5
Estadísticas de respuestas
Longitud País % Correcto
7.644 km Rusia
100%
2.330 km Uzbekistán
100%
1.212 km Kirguistán
94%
1.765 km China
88%
413 km Turkmenistán
88%
No se encontraron pruebas coincidentes
Distribución de puntuación
Porcentaje de gente con cada puntuación
Porcentaje por número respondido
Historial de tus puntuaciones
No has intentado esta prueba.